[Event "Outaouais-ch Reserve"]
[Site "Gatineau CAN"]
[Date "2017.04.18"]
[Round "1"]
[White "Legare, Gilles"]
[Black "Sabourin, Yves"]
[Result "0-1"]
[WhiteElo "1022"]
[BlackElo "1499"]
[WhiteFideId "-1"]
[WhiteFideId "-1"]
[PlyCount "88"]
[GameId "2160767908411860"]
[EventDate "2017.04.18"]
[EventType "swiss"]
[EventRounds "7"]
[EventCountry "CAN"]
[SourceTitle "EXT 2022"]
[Source "ChessBase"]
[SourceDate "2021.10.06"]
[SourceVersion "1"]
[SourceVersionDate "2021.10.06"]
[SourceQuality "1"]

1. e4 e5 2. Nf3 Nf6 3. Nc3 Nc6 4. d3 d5 5. Bd2 Bb4 6. Be2 O-O 7. O-O Re8 8. Bg5 Bxc3 9. bxc3 dxe4 10. dxe4 Qxd1 11. Raxd1 Nxe4 12. Bd2 Be6 13. a3 Rad8 14. Bd3 Nxd2 15. Rxd2 f5 16. Be2 Rxd2 17. Nxd2 Rd8 18. Nf3 e4 19. Ng5 Bf7 20. h4 Rd2 21. Re1 h6 22. Nh3 Rxc2 23. Nf4 Rxc3 24. Rd1 Ne5 25. h5 Bc4 26. Rd8+ Kf7 27. Bxc4+ Rxc4 28. Rd3 Kf6 29. Rd8 Rc1+ 30. Kh2 Ng4+ 31. Kg3 c5 32. Nd5+ Ke5 33. f4+ exf3 34. gxf3 Nf6 35. f4+ Ke6 36. Nxf6 Kxf6 37. Rd6+ Ke7 38. Rd3 c4 39. Re3+ Kd6 40. Kf2 Rb1 41. a4 Rb3 42. Re2 c3 43. Ke1 Rb1+ 44. Kf2 Rb2 0-1

[Event "Outaouais-ch Reserve"]
[Site "Gatineau CAN"]
[Date "2017.04.18"]
[Round "1"]
[White "Lemieux, Richard"]
[Black "Arcand, Pierre"]
[Result "1-0"]
[WhiteElo "1473"]
[BlackElo "1239"]
[WhiteFideId "-1"]
[WhiteFideId "-1"]
[PlyCount "25"]
[GameId "2160767908411861"]
[EventDate "2017.04.18"]
[EventType "swiss"]
[EventRounds "7"]
[EventCountry "CAN"]
[SourceTitle "EXT 2022"]
[Source "ChessBase"]
[SourceDate "2021.10.06"]
[SourceVersion "1"]
[SourceVersionDate "2021.10.06"]
[SourceQuality "1"]

1. e4 e5 2. Nf3 Nc6 3. Bc4 Nf6 4. Ng5 d5 5. exd5 Nxd5 6. Nxf7 Kxf7 7. Qf3+ Ke6 8. Nc3 Ncb4 9. Nxd5 Nxd5 10. d4 exd4 11. Qe4+ Kd7 12. Qxd5+ Ke8 13. Qf7# 1-0

[Event "Outaouais-ch Reserve"]
[Site "Gatineau CAN"]
[Date "2017.04.18"]
[Round "1"]
[White "Levesque, Jonathan"]
[Black "Rioux, Jocelyn"]
[Result "1-0"]
[WhiteElo "1172"]
[BlackElo "1513"]
[WhiteFideId "-1"]
[WhiteFideId "-1"]
[PlyCount "136"]
[GameId "2160767908411862"]
[EventDate "2017.04.18"]
[EventType "swiss"]
[EventRounds "7"]
[EventCountry "CAN"]
[SourceTitle "EXT 2022"]
[Source "ChessBase"]
[SourceDate "2021.10.06"]
[SourceVersion "1"]
[SourceVersionDate "2021.10.06"]
[SourceQuality "1"]

1. c4 Nf6 2. Nc3 e6 3. Nf3 d5 4. g3 Bd6 5. Bg2 c6 6. d3 Nbd7 7. a3 h6 8. b4 dxc4 9. dxc4 Qe7 10. c5 Bc7 11. Bb2 O-O 12. O-O Nd5 13. e4 Nxc3 14. Bxc3 Rd8 15. Qc2 e5 16. Nh4 Nf6 17. Nf5 Bxf5 18. exf5 Nd5 19. Bb2 Rac8 20. Rae1 f6 21. Qe2 Qe8 22. Bf3 Ne7 23. Bh5 Qd7 24. Rd1 Nd5 25. Qg4 g5 26. Bg6 Qg7 27. Kh1 Ne7 28. Qh5 Nxg6 29. fxg6 Kh8 30. Bc3 Rg8 31. a4 Qxg6 32. Qxg6 Rxg6 33. Rd7 Rg7 34. Rfd1 Rgg8 35. Rf7 Rgf8 36. Rdd7 Rxf7 37. Rxf7 Kg8 38. Rxf6 Kg7 39. Rf3 Rd8 40. Kg2 Rd5 41. Rf5 Kg6 42. Rf8 Rd3 43. Rc8 Rxc3 44. Rxc7 Ra3 45. a5 Rb3 46. Rxb7 a6 47. Rb6 Kf7 48. Rxc6 Rxb4 49. Rxa6 Rc4 50. Rc6 Ra4 51. a6 Ke8 52. Rxh6 Kd7 53. Rh7+ Kc6 54. Rg7 Kxc5 55. Rxg5 Kd4 56. Rg6 e4 57. h4 Ra2 58. Re6 Kd5 59. Re8 Kd4 60. g4 Rxa6 61. Kg3 Ra3+ 62. Kg2 Ra2 63. h5 Ra3 64. h6 Ra7 65. g5 Rh7 66. Rg8 Ke5 67. Rg7 Kf5 68. Rxh7 Kxg5 1-0

[Event "Outaouais-ch Reserve"]
[Site "Gatineau CAN"]
[Date "2017.04.18"]
[Round "1"]
[White "Masse-Garneau, Anthony"]
[Black "Raymond, Daniel"]
[Result "0-1"]
[WhiteElo "1378"]
[BlackElo "1785"]
[WhiteFideId "-1"]
[WhiteFideId "-1"]
[PlyCount "74"]
[GameId "2160767908411863"]
[EventDate "2017.04.18"]
[EventType "swiss"]
[EventRounds "7"]
[EventCountry "CAN"]
[SourceTitle "EXT 2022"]
[Source "ChessBase"]
[SourceDate "2021.10.06"]
[SourceVersion "1"]
[SourceVersionDate "2021.10.06"]
[SourceQuality "1"]

1. d4 d5 2. Nf3 e6 3. c4 c5 4. cxd5 exd5 5. e3 Nc6 6. dxc5 Bxc5 7. Bb5 Nf6 8. Nbd2 O-O 9. O-O Bf5 10. a3 a6 11. Ba4 b5 12. Bc2 Ne4 13. b4 Be7 14. Bxe4 dxe4 15. Ne1 Bf6 16. Ra2 Qd5 17. Rc2 Rfd8 18. Rc5 Qe6 19. Qb3 Qd7 20. Qc2 Rac8 21. Qa2 Ne5 22. Nb3 Be6 23. Qc2 Bc4 24. Rxc8 Qxc8 25. f4 exf3 26. Rf2 Bxb3 27. Qxb3 Qxc1 28. Rf1 Qc4 29. Qxc4 Nxc4 30. Rxf3 Rd1 31. Kf2 Rd2+ 32. Kg3 Nxa3 33. e4 Nc4 34. Rd3 Rxd3+ 35. Nxd3 Be5+ 36. Kh3 Bd6 37. g3 Ne5 0-1

[Event "Outaouais-ch Reserve"]
[Site "Gatineau CAN"]
[Date "2017.04.18"]
[Round "1"]
[White "Solunac, Stephen"]
[Black "Ethier, Valori"]
[Result "1-0"]
[WhiteElo "1748"]
[BlackElo "1373"]
[WhiteFideId "-1"]
[WhiteFideId "-1"]
[PlyCount "59"]
[GameId "2160767908411864"]
[EventDate "2017.04.18"]
[EventType "swiss"]
[EventRounds "7"]
[EventCountry "CAN"]
[SourceTitle "EXT 2022"]
[Source "ChessBase"]
[SourceDate "2021.10.06"]
[SourceVersion "1"]
[SourceVersionDate "2021.10.06"]
[SourceQuality "1"]

1. Nf3 Nf6 2. g3 d5 3. Bg2 c6 4. O-O Bf5 5. d3 Nbd7 6. Nbd2 e6 7. Re1 Bc5 8. e4 dxe4 9. dxe4 Bg6 10. Nh4 Qb6 11. Qe2 Ng4 12. Rf1 Bxf2+ 13. Rxf2 Nxf2 14. Qxf2 Qxf2+ 15. Kxf2 O-O-O 16. Nc4 Nf6 17. Nxg6 hxg6 18. h3 Rd1 19. Ke2 Rhd8 20. Ne3 R1d7 21. b3 Rd4 22. e5 Ne4 23. Bxe4 Rxe4 24. Bb2 Rb4 25. a3 Rb5 26. Nc4 Kd7 27. Nd6 Rc5 28. c4 Kc7 29. b4 Rxd6 30. exd6+ 1-0

[Event "Outaouais-ch Reserve"]
[Site "Gatineau CAN"]
[Date "2017.04.25"]
[Round "2"]
[White "Berthiaume, Serge"]
[Black "Bastien, Andre"]
[Result "0-1"]
[WhiteElo "1518"]
[BlackElo "1829"]
[WhiteFideId "-1"]
[WhiteFideId "-1"]
[PlyCount "86"]
[GameId "2160767908411865"]
[EventDate "2017.04.18"]
[EventType "swiss"]
[EventRounds "7"]
[EventCountry "CAN"]
[SourceTitle "EXT 2022"]
[Source "ChessBase"]
[SourceDate "2021.10.06"]
[SourceVersion "1"]
[SourceVersionDate "2021.10.06"]
[SourceQuality "1"]

1. c4 b6 2. Nc3 Bb7 3. e4 c5 4. Nf3 g6 5. g3 Bg7 6. Bg2 Nc6 7. O-O e5 8. a3 Nge7 9. Nd5 O-O 10. d3 f5 11. b4 h6 12. Rb1 d6 13. Nh4 Nxd5 14. exd5 Ne7 15. f4 exf4 16. Bb2 fxg3 17. hxg3 g5 18. Nf3 Ng6 19. bxc5 dxc5 20. Bxg7 Kxg7 21. Qc2 Qd6 22. Rbe1 Rfe8 23. Qc3+ Kh7 24. Rxe8 Rxe8 25. Kf2 Bc8 26. Re1 Rxe1 27. Qxe1 g4 28. Qe8 Qd7 29. Qxd7+ Bxd7 30. Nh4 Nxh4 31. gxh4 f4 32. Be4+ Kg7 33. Ke2 Kf6 34. Bh7 Ke5 35. Bg8 b5 36. Bf7 Bf5 37. h5 Bd7 38. Be6 Bxe6 39. dxe6 Kxe6 40. cxb5 Kd6 41. a4 a6 42. bxa6 Kc7 43. a5 Kb8 0-1

[Event "Outaouais-ch Reserve"]
[Site "Gatineau CAN"]
[Date "2017.04.25"]
[Round "2"]
[White "Cayen, Jean-Philippe"]
[Black "Seguin, Hubert"]
[Result "0-1"]
[WhiteElo "1303"]
[BlackElo "1526"]
[WhiteFideId "-1"]
[WhiteFideId "-1"]
[PlyCount "122"]
[GameId "2160767908411866"]
[EventDate "2017.04.18"]
[EventType "swiss"]
[EventRounds "7"]
[EventCountry "CAN"]
[SourceTitle "EXT 2022"]
[Source "ChessBase"]
[SourceDate "2021.10.06"]
[SourceVersion "1"]
[SourceVersionDate "2021.10.06"]
[SourceQuality "1"]

1. g3 d5 2. e3 e5 3. Bg2 Nf6 4. b3 Nc6 5. Bb2 Bf5 6. d3 Be7 7. Nd2 O-O 8. Ne2 Qd7 9. O-O Bh3 10. a3 Qf5 11. Nc3 Bxg2 12. Kxg2 e4 13. Qe2 Rad8 14. Nb5 Rd7 15. Nd4 Nxd4 16. Bxd4 c5 17. Bb2 Bd6 18. Bxf6 gxf6 19. h3 Be5 20. Rad1 Kh8 21. Qg4 Qxg4 22. hxg4 exd3 23. cxd3 Rg8 24. Kh3 Rd6 25. Nf3 Ra6 26. a4 Rb6 27. Rb1 Rb4 28. Nh2 Rc8 29. Rfd1 Rc6 30. Nf3 Rcb6 31. d4 cxd4 32. exd4 Bd6 33. Rd3 Rxa4 34. g5 fxg5 35. Nxg5 Kg7 36. Nf3 Rab4 37. Nd2 a5 38. Ra1 Ra6 39. Kg4 a4 40. Rxa4 Raxa4 41. bxa4 Rxa4 42. Kf5 b5 43. g4 Bc7 44. f3 Bd6 45. g5 b4 46. f4 Ra6 47. Kg4 Rc6 48. Nb1 Rc4 49. Kf5 Rc1 50. Nd2 Rc3 51. Rxc3 bxc3 52. Nb3 c2 53. Nc1 Ba3 54. Nb3 c1=Q 55. Nxc1 Bxc1 56. Kg4 Be3 57. f5 Bxd4 58. Kh5 Be5 59. Kg4 f6 60. Kh5 d4 61. gxf6+ Kxf6 0-1

[Event "Outaouais-ch Reserve"]
[Site "Gatineau CAN"]
[Date "2017.04.25"]
[Round "2"]
[White "Danilov, Alex"]
[Black "Lemieux, Richard"]
[Result "0-1"]
[WhiteElo "1705"]
[BlackElo "1473"]
[WhiteFideId "-1"]
[WhiteFideId "-1"]
[PlyCount "40"]
[GameId "2160767908411867"]
[EventDate "2017.04.18"]
[EventType "swiss"]
[EventRounds "7"]
[EventCountry "CAN"]
[SourceTitle "EXT 2022"]
[Source "ChessBase"]
[SourceDate "2021.10.06"]
[SourceVersion "1"]
[SourceVersionDate "2021.10.06"]
[SourceQuality "1"]

1. Nf3 d5 2. c4 Nf6 3. e3 e6 4. Nc3 b6 5. cxd5 exd5 6. d4 Bb7 7. Ne5 a6 8. Be2 Nbd7 9. O-O Nxe5 10. dxe5 Ne4 11. e6 f5 12. Nxe4 fxe4 13. Bh5+ g6 14. Qg4 Qf6 15. f3 gxh5 16. Qxh5+ Qg6 17. Qe5 Rg8 18. g3 Bd6 19. Qc3 Bxg3 20. Qd2 Be1+ 0-1

[Event "Outaouais-ch Reserve"]
[Site "Gatineau CAN"]
[Date "2017.04.25"]
[Round "2"]
[White "Ethier, Valori"]
[Black "Clermont, Yves"]
[Result "1-0"]
[WhiteElo "1373"]
[BlackElo "1223"]
[WhiteFideId "-1"]
[WhiteFideId "-1"]
[PlyCount "81"]
[GameId "2160767908411868"]
[EventDate "2017.04.18"]
[EventType "swiss"]
[EventRounds "7"]
[EventCountry "CAN"]
[SourceTitle "EXT 2022"]
[Source "ChessBase"]
[SourceDate "2021.10.06"]
[SourceVersion "1"]
[SourceVersionDate "2021.10.06"]
[SourceQuality "1"]

1. f4 d5 2. b3 e6 3. Bb2 Nf6 4. e3 c5 5. Nf3 Bd6 6. Bd3 O-O 7. O-O Nbd7 8. a4 b6 9. Na3 a6 10. Rc1 Qe7 11. c4 Bb7 12. Nc2 Rfe8 13. Ne5 dxc4 14. bxc4 Rac8 15. Ne1 Bc7 16. Bb1 Nxe5 17. fxe5 Ne4 18. d3 Ng5 19. h4 Nh3+ 20. gxh3 Qxh4 21. Qg4 Qh6 22. e4 Qe3+ 23. Rf2 Rcd8 24. Ng2 Qh6 25. Rcf1 Re7 26. Bc1 Qg6 27. Qxg6 hxg6 28. Bg5 f6 29. exf6 Rf7 30. fxg7 Rxf2 31. Rxf2 Re8 32. Bh6 Bd6 33. Bc2 b5 34. Ne3 Bc6 35. a5 bxc4 36. Nxc4 Be7 37. Ne5 Bb7 38. Nxg6 Bd6 39. Rf8+ Bxf8 40. gxf8=Q+ Rxf8 41. Nxf8 1-0

[Event "Outaouais-ch Reserve"]
[Site "Gatineau CAN"]
[Date "2017.04.25"]
[Round "2"]
[White "Iyamuremye, Gervais"]
[Black "Simard, Paul"]
[Result "1-0"]
[WhiteElo "1454"]
[BlackElo "1228"]
[WhiteFideId "-1"]
[WhiteFideId "-1"]
[PlyCount "103"]
[GameId "2160767908411869"]
[EventDate "2017.04.18"]
[EventType "swiss"]
[EventRounds "7"]
[EventCountry "CAN"]
[SourceTitle "EXT 2022"]
[Source "ChessBase"]
[SourceDate "2021.10.06"]
[SourceVersion "1"]
[SourceVersionDate "2021.10.06"]
[SourceQuality "1"]

1. e4 Nf6 2. Nc3 e6 3. d4 Bb4 4. Bd3 Nc6 5. Nf3 b6 6. a3 Bxc3+ 7. bxc3 h6 8. O-O Bb7 9. Re1 O-O 10. c4 Ne7 11. d5 exd5 12. cxd5 d6 13. Bb2 Ng6 14. Qd2 c6 15. c4 b5 16. dxc6 Bxc6 17. cxb5 Bb7 18. Nd4 Ne5 19. f3 a6 20. bxa6 Bxa6 21. Bxa6 Rxa6 22. Kh1 Nfd7 23. Qe2 Nc5 24. Nb3 Ncd3 25. Bxe5 Nxe1 26. Qxa6 dxe5 27. Rxe1 Qb8 28. Qc4 Rd8 29. Rc1 Rd6 30. Qc8+ Qxc8 31. Rxc8+ Kh7 32. Rc1 g5 33. h3 Kg6 34. a4 f5 35. exf5+ Kxf5 36. Rc5 Rd3 37. Rb5 Kf4 38. Kh2 h5 39. a5 g4 40. Rb4+ e4 41. Rxe4+ Kf5 42. hxg4+ hxg4 43. Rxg4 Rxb3 44. Ra4 Rb8 45. a6 Ra8 46. a7 Ke6 47. g4 Kd6 48. Kg3 Kc7 49. g5 Kb7 50. Kg4 Rxa7 51. Rxa7+ Kxa7 52. g6 1-0

[Event "Outaouais-ch Reserve"]
[Site "Gatineau CAN"]
[Date "2017.04.25"]
[Round "2"]
[White "Lecorre, Joel"]
[Black "Raymond, Robert"]
[Result "1-0"]
[WhiteElo "1501"]
[BlackElo "1236"]
[WhiteFideId "-1"]
[WhiteFideId "-1"]
[PlyCount "107"]
[GameId "2160767908411870"]
[EventDate "2017.04.18"]
[EventType "swiss"]
[EventRounds "7"]
[EventCountry "CAN"]
[SourceTitle "EXT 2022"]
[Source "ChessBase"]
[SourceDate "2021.10.06"]
[SourceVersion "1"]
[SourceVersionDate "2021.10.06"]
[SourceQuality "1"]

1. e4 e5 2. Bc4 Nf6 3. d3 d6 4. Nf3 Be7 5. c3 O-O 6. O-O Bg4 7. Nbd2 Nc6 8. a3 d5 9. exd5 Nxd5 10. Ne4 h6 11. h3 Be6 12. Re1 Kh8 13. Qe2 Bd6 14. Ng3 Nf6 15. Bb5 Bd7 16. Ne4 Nxe4 17. dxe4 a6 18. Bd3 Ne7 19. g4 Ng6 20. Be3 Nh4 21. Nxh4 Qxh4 22. Kg2 Bc6 23. f3 Bd7 24. Rh1 Qd8 25. h4 Be7 26. Kg3 h5 27. gxh5 f5 28. exf5 Bxf5 29. Be4 Bxe4 30. fxe4 Qe8 31. Qg4 Rg8 32. Qg6 Bf6 33. Raf1 Qxg6+ 34. hxg6 Rgd8 35. h5 Kg8 36. h6 Rd3 37. Rf3 gxh6 38. Kf2 Bg5 39. Bxg5 Rxf3+ 40. Kxf3 Rf8+ 41. Ke3 hxg5 42. Rh7 Rc8 43. Kf3 b5 44. Kg4 c5 45. Kxg5 Rc6 46. Rf7 a5 47. Rf6 Rc7 48. Re6 Kg7 49. Kf5 c4 50. Kxe5 Rc5+ 51. Kd6 Rg5 52. Kc6 b4 53. axb4 axb4 54. cxb4 1-0

[Event "Outaouais-ch Reserve"]
[Site "Gatineau CAN"]
[Date "2017.04.25"]
[Round "2"]
[White "Levesque, Jonathan"]
[Black "Bilodeau, Victor"]
[Result "0-1"]
[WhiteElo "1172"]
[BlackElo "1692"]
[WhiteFideId "-1"]
[WhiteFideId "-1"]
[PlyCount "112"]
[GameId "2160767908411871"]
[EventDate "2017.04.18"]
[EventType "swiss"]
[EventRounds "7"]
[EventCountry "CAN"]
[SourceTitle "EXT 2022"]
[Source "ChessBase"]
[SourceDate "2021.10.06"]
[SourceVersion "1"]
[SourceVersionDate "2021.10.06"]
[SourceQuality "1"]

1. c4 c5 2. g3 Nc6 3. Nc3 Nf6 4. Bg2 g6 5. Nf3 Bg7 6. O-O O-O 7. e3 d6 8. d4 cxd4 9. exd4 Bg4 10. h3 Bd7 11. Re1 Re8 12. a3 Qc8 13. Kh2 Rb8 14. b4 b6 15. Bb2 Nd8 16. Nd2 Ne6 17. d5 Nf8 18. Qc2 Bf5 19. Nce4 Nxe4 20. Nxe4 Bxb2 21. Qxb2 Qxc4 22. Rac1 Qa6 23. g4 Bxe4 24. Rxe4 Nd7 25. f4 Nf6 26. Re3 Qb5 27. Qd4 Qd7 28. f5 gxf5 29. gxf5 Qxf5 30. Rg1 Kf8 31. Bf3 Rbc8 32. Be4 Qe5+ 33. Qxe5 dxe5 34. Reg3 e6 35. d6 Red8 36. Bxh7 Ke8 37. Bd3 Rxd6 38. Bb5+ Ke7 39. Ba4 Rd2+ 40. Kh1 Ne4 41. R3g2 Rxg2 42. Kxg2 Rg8+ 43. Kh2 Rxg1 44. Kxg1 Kf6 45. Kg2 Kg5 46. Bc6 Nd6 47. Kg3 Nf5+ 48. Kg2 Kh4 49. Be4 Nd4 50. Bb7 f5 51. a4 e4 52. a5 bxa5 53. bxa5 e3 54. a6 e5 55. Bd5 e4 56. Kh2 e2 0-1

[Event "Outaouais-ch Reserve"]
[Site "Gatineau CAN"]
[Date "2017.04.25"]
[Round "2"]
[White "Raymond, Daniel"]
[Black "Labelle, Raymond"]
[Result "1-0"]
[WhiteElo "1785"]
[BlackElo "1499"]
[WhiteFideId "-1"]
[WhiteFideId "-1"]
[PlyCount "67"]
[GameId "2160767908411872"]
[EventDate "2017.04.18"]
[EventType "swiss"]
[EventRounds "7"]
[EventCountry "CAN"]
[SourceTitle "EXT 2022"]
[Source "ChessBase"]
[SourceDate "2021.10.06"]
[SourceVersion "1"]
[SourceVersionDate "2021.10.06"]
[SourceQuality "1"]

1. e4 e6 2. d4 d5 3. Nd2 Nf6 4. e5 Nfd7 5. Bd3 c5 6. c3 Nc6 7. Ne2 Qb6 8. Nf3 cxd4 9. cxd4 Be7 10. O-O O-O 11. a3 f6 12. Qc2 h6 13. Bh7+ Kh8 14. Nf4 g5 15. Ng6+ Kg7 16. Nxf8 Nxf8 17. Bd3 Nxd4 18. Nxd4 Qxd4 19. exf6+ Bxf6 20. Rb1 Bd7 21. Be3 Qe5 22. Qe2 Qd6 23. f4 d4 24. fxg5 hxg5 25. Qf3 e5 26. Bd2 Rb8 27. Bb4 Qb6 28. Bxf8+ Rxf8 29. Qh5 e4 30. Bxe4 d3+ 31. Kh1 Rf7 32. Bxd3 Qd4 33. Bg6 Re7 34. Qh7+ 1-0

[Event "Outaouais-ch Reserve"]
[Site "Gatineau CAN"]
[Date "2017.04.25"]
[Round "2"]
[White "Rioux, Jocelyn"]
[Black "Bourbonnais, Luc"]
[Result "1-0"]
[WhiteElo "1513"]
[BlackElo "1277"]
[WhiteFideId "-1"]
[WhiteFideId "-1"]
[PlyCount "109"]
[GameId "2160767908411873"]
[EventDate "2017.04.18"]
[EventType "swiss"]
[EventRounds "7"]
[EventCountry "CAN"]
[SourceTitle "EXT 2022"]
[Source "ChessBase"]
[SourceDate "2021.10.06"]
[SourceVersion "1"]
[SourceVersionDate "2021.10.06"]
[SourceQuality "1"]

1. e4 d6 2. d4 Nf6 3. Nc3 Nbd7 4. Nf3 e5 5. Bc4 Be7 6. O-O c6 7. a4 Qc7 8. dxe5 dxe5 9. Re1 O-O 10. b3 b5 11. axb5 cxb5 12. Nxb5 Qb6 13. Be3 Bc5 14. Bxc5 Qxc5 15. Qc1 Ng4 16. Re2 Ndf6 17. Nc3 Bb7 18. Qa3 Rfc8 19. Qxc5 Rxc5 20. h3 Nh6 21. g4 g5 22. Nxg5 Kg7 23. Nf3 Nhg8 24. g5 Nh5 25. Nd5 f6 26. gxf6+ Nhxf6 27. Nxf6 Nxf6 28. Nd2 a6 29. b4 Rc7 30. f3 Nh5 31. Rg2+ Kf6 32. Bd5 Bxd5 33. exd5 Nf4 34. Ne4+ Kf7 35. d6 Rc4 36. Rd2 Rg8+ 37. Kh2 Rc6 38. b5 axb5 39. Ra7+ Ke6 40. Re7+ Kf5 41. d7 Ne6 42. Rf7+ Kg6 43. Rf6+ Kh5 44. d8=Q Rxd8 45. Rxd8 Rxc2+ 46. Kg3 Nxd8 47. Rf5+ Kg6 48. Rxe5 b4 49. Rg5+ Kh6 50. h4 b3 51. Nd6 Rc5 52. Rxc5 Ne6 53. Rb5 Nd4 54. Rg5 Nf5+ 55. Nxf5# 1-0

[Event "Outaouais-ch Reserve"]
[Site "Gatineau CAN"]
[Date "2017.04.25"]
[Round "2"]
[White "Sabourin, Yves"]
[Black "Solunac, Stephen"]
[Result "0-1"]
[WhiteElo "1499"]
[BlackElo "1748"]
[WhiteFideId "-1"]
[WhiteFideId "-1"]
[PlyCount "50"]
[GameId "2160767908411874"]
[EventDate "2017.04.18"]
[EventType "swiss"]
[EventRounds "7"]
[EventCountry "CAN"]
[SourceTitle "EXT 2022"]
[Source "ChessBase"]
[SourceDate "2021.10.06"]
[SourceVersion "1"]
[SourceVersionDate "2021.10.06"]
[SourceQuality "1"]

1. e4 Nf6 2. e5 Nd5 3. d4 d6 4. f4 dxe5 5. c4 Nxf4 6. Bxf4 exf4 7. Nf3 Bg4 8. Nbd2 g6 9. Qb3 Nd7 10. Qxb7 Rb8 11. Qxa7 Rxb2 12. Qa3 Rb6 13. Bd3 e5 14. Qc1 exd4 15. O-O Bg7 16. c5 Rb8 17. Re1+ Be6 18. Nb3 O-O 19. Nfxd4 Bxb3 20. Nc6 Qg5 21. Nxb8 Rxb8 22. axb3 Bxa1 23. Qxa1 Qxc5+ 24. Kf1 Rxb3 25. Qa4 Rxd3 0-1

[Event "Outaouais-ch Reserve"]
[Site "Gatineau CAN"]
[Date "2017.04.25"]
[Round "2"]
[White "Traversy, Pierre"]
[Black "Masse-Garneau, Anthony"]
[Result "0-1"]
[WhiteElo "1210"]
[BlackElo "1378"]
[WhiteFideId "-1"]
[WhiteFideId "-1"]
[PlyCount "130"]
[GameId "2160767908411875"]
[EventDate "2017.04.18"]
[EventType "swiss"]
[EventRounds "7"]
[EventCountry "CAN"]
[SourceTitle "EXT 2022"]
[Source "ChessBase"]
[SourceDate "2021.10.06"]
[SourceVersion "1"]
[SourceVersionDate "2021.10.06"]
[SourceQuality "1"]

1. e4 e5 2. Bc4 Nf6 3. Nf3 Nc6 4. Nc3 Nxe4 5. d3 Nxc3 6. bxc3 d6 7. O-O Bg4 8. Bb5 Be7 9. Re1 O-O 10. h3 Bh5 11. Ba4 a6 12. c4 Nd4 13. g4 Bg6 14. Nxd4 exd4 15. Bf4 Bg5 16. Qf3 Qf6 17. Re2 Bxf4 18. Kg2 c6 19. Rae1 Be5 20. Qxf6 Bxf6 21. f4 h6 22. f5 Bh7 23. Bb3 Bh4 24. Rf1 Rae8 25. Re4 Rxe4 26. dxe4 Re8 27. Kf3 c5 28. a4 Kf8 29. Rd1 Bg5 30. Rd3 Be3 31. c3 g5 32. cxd4 Bxd4 33. Bc2 f6 34. Rb3 Re7 35. Rb6 Be5 36. Ke3 Bg8 37. Bd3 Bf7 38. Rb1 h5 39. Be2 hxg4 40. hxg4 Be8 41. Bd1 Bc6 42. Bc2 Rh7 43. Rf1 Rh3+ 44. Rf3 Bf4+ 45. Ke2 Rh4 46. Rf1 Rxg4 47. Rh1 Rg2+ 48. Kd3 Rh2 49. Rg1 Bxe4+ 50. Kxe4 Rxc2 51. Kd5 Ke7 52. Rh1 Rh2 53. Rb1 Rd2+ 54. Ke4 Rd4+ 55. Kf3 b5 56. axb5 axb5 57. Rxb5 Rxc4 58. Rb7+ Kd8 59. Rf7 Be5 60. Rg7 Rf4+ 61. Ke3 g4 62. Kd3 g3 63. Ke3 Rxf5 64. Ke4 Rg5 65. Rb7 g2 0-1

[Event "Outaouais-ch Reserve"]
[Site "Gatineau CAN"]
[Date "2017.05.02"]
[Round "3"]
[White "Arcand, Pierre"]
[Black "Legare, Gilles"]
[Result "1-0"]
[WhiteElo "1239"]
[BlackElo "1022"]
[WhiteFideId "-1"]
[WhiteFideId "-1"]
[PlyCount "113"]
[GameId "2160767908411876"]
[EventDate "2017.04.18"]
[EventType "swiss"]
[EventRounds "7"]
[EventCountry "CAN"]
[SourceTitle "EXT 2022"]
[Source "ChessBase"]
[SourceDate "2021.10.06"]
[SourceVersion "1"]
[SourceVersionDate "2021.10.06"]
[SourceQuality "1"]

1. e4 c5 2. Nf3 Nc6 3. Nc3 e6 4. d3 Qc7 5. Be2 d6 6. O-O Be7 7. d4 Bd7 8. Nb5 Qb6 9. dxc5 dxc5 10. Bf4 Nf6 11. Nc7+ Kf8 12. Nxa8 Qxb2 13. e5 Nd5 14. Bc1 Qxa1 15. Bc4 Be8 16. Qd2 Nxe5 17. Bxd5 Nxf3+ 18. Bxf3 Bc6 19. c3 Qb1 20. Bxc6 bxc6 21. Qb2 Qxb2 22. Bxb2 c4 23. Nc7 h5 24. Na6 h4 25. Nb4 c5 26. Nc6 a6 27. Nxe7 Kxe7 28. Re1 Kd6 29. Rd1+ Kc6 30. h3 Rb8 31. Rd2 g5 32. f3 a5 33. a3 a4 34. Kf2 f5 35. Ke3 e5 36. Kf2 f4 37. Ke1 Rb7 38. Kf2 Rd7 39. Rxd7 Kxd7 40. Bc1 Ke6 41. Bd2 Kf5 42. Kg1 e4 43. fxe4+ Kxe4 44. Be1 Kd5 45. Bf2 Kc6 46. Be1 Kd6 47. Bf2 Ke5 48. Bxc5 Ke4 49. Kf1 f3 50. gxf3+ Kxf3 51. Be7 Kg3 52. Bxg5 Kxh3 53. Bxh4 Kxh4 54. Kf2 Kg4 55. Ke3 Kf5 56. Kd4 Ke6 57. Kxc4 1-0

[Event "Outaouais-ch Reserve"]
[Site "Gatineau CAN"]
[Date "2017.05.02"]
[Round "3"]
[White "Bastien, Andre"]
[Black "Raymond, Daniel"]
[Result "1/2-1/2"]
[WhiteElo "1829"]
[BlackElo "1785"]
[WhiteFideId "-1"]
[WhiteFideId "-1"]
[PlyCount "83"]
[GameId "2160767908411877"]
[EventDate "2017.04.18"]
[EventType "swiss"]
[EventRounds "7"]
[EventCountry "CAN"]
[SourceTitle "EXT 2022"]
[Source "ChessBase"]
[SourceDate "2021.10.06"]
[SourceVersion "1"]
[SourceVersionDate "2021.10.06"]
[SourceQuality "1"]

1. d4 d5 2. Nf3 e6 3. e3 c5 4. c3 Nf6 5. Bd3 Nc6 6. Nbd2 Bd6 7. O-O e5 8. e4 O-O 9. Re1 Bg4 10. exd5 Nxd5 11. Qc2 h6 12. dxe5 Bc7 13. Bf5 Bxf5 14. Qxf5 Nde7 15. Qg4 Ng6 16. e6 Nce5 17. Qf5 Qd6 18. Nxe5 Nxe5 19. Ne4 Qe7 20. exf7+ Rxf7 21. Qh3 Rd8 22. Be3 Nd3 23. Nxc5 Nxc5 24. Bd4 Qf8 25. Qe3 b6 26. b4 Nd7 27. g3 Nf6 28. Qe6 Re8 29. Qc4 Rxe1+ 30. Rxe1 Bb8 31. Bxf6 gxf6 32. Re6 Rc7 33. Qe2 Kf7 34. Re4 Re7 35. Qh5+ Kg8 36. Qd5+ Kh8 37. Rh4 Kh7 38. Qf5+ Kh8 39. Qg6 Rh7 40. Re4 Re7 41. Rh4 Rh7 42. Re4 1/2-1/2

[Event "Outaouais-ch Reserve"]
[Site "Gatineau CAN"]
[Date "2017.05.02"]
[Round "3"]
[White "Iyamuremye, Gervais"]
[Black "Rioux, Jocelyn"]
[Result "1-0"]
[WhiteElo "1454"]
[BlackElo "1513"]
[WhiteFideId "-1"]
[WhiteFideId "-1"]
[PlyCount "71"]
[GameId "2160767908411878"]
[EventDate "2017.04.18"]
[EventType "swiss"]
[EventRounds "7"]
[EventCountry "CAN"]
[SourceTitle "EXT 2022"]
[Source "ChessBase"]
[SourceDate "2021.10.06"]
[SourceVersion "1"]
[SourceVersionDate "2021.10.06"]
[SourceQuality "1"]

1. e4 e6 2. Nf3 c5 3. Nc3 d5 4. exd5 exd5 5. Bb5+ Bd7 6. Qe2+ Be7 7. Nxd5 a6 8. Bxd7+ Nxd7 9. Nxe7 Nxe7 10. O-O O-O 11. d4 cxd4 12. Nxd4 Re8 13. Qd1 Rc8 14. Bg5 Qb6 15. Bxe7 Rxe7 16. Nf5 Re5 17. Qxd7 Rd8 18. Ne7+ Kf8 19. Nc8 Qxf2+ 20. Rxf2 Rxd7 21. Nb6 Rc7 22. b3 Rec5 23. c4 R5c6 24. Nd5 Rc8 25. Re1 Rc5 26. Re7 f6 27. Rxb7 Re8 28. Kf1 Rc6 29. Rb6 Rcc8 30. Rxa6 Re5 31. Re2 Rce8 32. Rxe5 fxe5 33. a4 h5 34. a5 h4 35. Rb6 Kg8 36. a6 1-0